| 000 | 00761nam a2200241 i 4500 | ||
|---|---|---|---|
| 001 | 000032130 | ||
| 003 | DO-SdBNP | ||
| 005 | 20250203095401.0 | ||
| 007 | ta | ||
| 008 | 110712s1938 mx 000 0 spa d | ||
| 040 |
_aDO-SdBNP _bspa _cBNPHU _erda |
||
| 049 | _aBNPD | ||
| 082 |
_axxxx _bM669r _222 |
||
| 100 | 1 |
_aMiolán, Ángel, _eautor _4aut. _910047 |
|
| 245 | 1 | 3 |
_aLa revolución social frente a la tiranía de Trujillo / _cÁngel Miolán ; Prólogo, Roberto Hinojosa. |
| 264 | 1 |
_aMéxico : _bEditorial Liberacíón, _c1938. |
|
| 300 |
_a199 páginas ; _c18 cm. |
||
| 336 |
_atexto _btxt _2rda |
||
| 337 |
_asin mediación _bn _2rdamedia |
||
| 338 |
_avolumen _bnc _2rdacarrier |
||
| 700 | 1 |
_aHinojosa, Roberto, _eprologuista _4pr. _986938 |
|
| 942 |
_2ddc _cLBS1 |
||
| 999 |
_c31621 _d31621 |
||